Statistics for Country... or a Country Capital? #1

Click here to take the quiz!

General Stats

  • This quiz has been taken 60 times
  • The average score is 17 of 18

Answer Stats

QuestionTileSelect% Correct
the countriesAlgeriaYes
100%
the countriesKathmanduNo
100%
the countriesMexicoYes
100%
the countriesMuscatNo
100%
the countriesAustraliaYes
98%
the countriesLondonNo
98%
the countriesNigeriaYes
98%
the countriesOsloNo
98%
the countriesLiechtensteinYes
94%
the country capitalsSerbiaNo
94%
the country capitalsSyriaNo
94%
the country capitalsTajikistanNo
94%
the country capitalsUkraineNo
94%
the country capitalsDakarYes
92%
the country capitalsJubaYes
92%
the country capitalsKievYes
92%
the country capitalsRiyadhYes
92%
the country capitalsBernYes
91%

Score Distribution

Percentile by Number Answered

Percent of People with Each Score

Your Score History

You have not taken this quiz